Estatísticas para 160 verbos no past simple

Clique aqui para jogar o quiz

Estatísticas Gerais

  • Esse quiz foi jogado 48 vezes
    (30 desde o último reset)
  • A pontuação média é 68 de 161

Estatísticas das Respostas

InfinitivePast simple% Correto
to becomebecame
100%
to beginbegan
100%
to buybought
91%
to breakbroke
91%
to dodid
91%
to bewas/were
91%
to eatate
82%
to buildbuilt
82%
to comecame
82%
to drivedrove
82%
to findfound
82%
to givegave
82%
to getgot
82%
to holdheld
82%
to keepkept
82%
to knowknew
82%
to awakeawoke
73%
to cutcut
73%
to drinkdrank
73%
to forgiveforgave
73%
to forgetforgot
73%
to freezefroze
73%
to growgrew
73%
to havehad
73%
to hearheard
73%
to makemade
73%
to runran
73%
to saysaid
73%
to seesaw
73%
to gowent
73%
to beatbeat
64%
to betbet
64%
to blowblew
64%
to bringbrought
64%
to choosechose
64%
to drawdrew
64%
to fallfell
64%
to feelfelt
64%
to fightfought
64%
to hurthurt
64%
to sitsat
64%
to wakewoke
64%
writewrote
64%
to arisearose
55%
to bitebit
55%
to catchcaught
55%
to costcost
55%
to crowcrew
55%
to lielay
55%
to leaveleft
55%
to loselost
55%
to meetmet
55%
to paypaid
55%
to putput
55%
to quitquit
55%
to ringrang
55%
to readread
55%
to singsang
55%
to sendsent
55%
to sellsold
55%
to spendspent
55%
to speakspoke
55%
to swimswam
55%
to bendbent
45%
to bleedbled
45%
to breedbred
45%
to learnlearnt
45%
to letlet
45%
to meanmeant
45%
to setset
45%
to thinkthought
45%
to taketook
45%
to understandunderstood
45%
to winwon
45%
to burnburnt
36%
to burstburst
36%
to clotheclothed
36%
to creepcrept
36%
to fleefled
36%
to flyflew
36%
to hidehid
36%
to hithit
36%
to sinksank
36%
to shutshut
36%
to spellspelt
36%
to springsprang
36%
to dealdealt
27%
to digdug
27%
to dwelldwelt
27%
to feedfed
27%
to flingflung
27%
to hanghung
27%
to knitknit
27%
to laylaid
27%
to lendlent
27%
to riderode
27%
to riserose
27%
to shineshone
27%
to shootshot
27%
to showshowed
27%
to shrinkshrank
27%
to sleepsleep
27%
to smellsmelt
27%
to stealstole
27%
to standstood
27%
to throwthrew
27%
to telltold
27%
to wetwet
27%
to wearwore
27%
to bearbore
18%
to bindbound
18%
to castcast
18%
to clingclung
18%
to forsakeforsook
18%
to hewhewed
18%
to heavehove
18%
to kneelknelt
18%
to leapleapt
18%
to leadled
18%
to lightlit
18%
to partakepartook
18%
to sawsawed
18%
to sewsewed
18%
to shedshed
18%
to shredshred
18%
to slideslid
18%
to slingslung
18%
to smitesmote
18%
to sowsowed
18%
to spitspat
18%
to spillspilt
18%
to spoilspoilt
18%
to spreadspread
18%
to spinspun
18%
to stinkstank
18%
to strewstrewed
18%
to stridestrode
18%
to strivestrove
18%
to strikestruck
18%
to stringstrung
18%
to stickstuck
18%
to stingstung
18%
to sweatsweat
18%
to swellswelled
18%
to sweepswept
18%
to swearswore
18%
to swingswung
18%
to teachtaught
18%
to thrivethrove
18%
to thrustthrust
18%
to teartore
18%
to treadtrod
18%
to weepwept
18%
to wringwrung
18%
to bidbade
9%
to forbidforbade
9%
to shakeshook
9%
to slayslew
9%
to seeksought
9%
to windwound
9%
to weavewove
9%

Distribuição das Pontuações

Percentil de Números Respondidos

Porcentagem de Pessoas com Cada Pontuação

Sua Pontuação Histórica

Você não jogou esse quiz desde o último reset